| 000 | 01182nam a2200289 i 4500 | ||
|---|---|---|---|
| 001 | 176513 | ||
| 003 | ES-MaACL | ||
| 005 | 20250825062725.0 | ||
| 008 | 110120s2007 sp |||| |bspa d | ||
| 020 | _a9788493136130 | ||
| 080 | _a929:32 Arrazola García, Lorenzo | ||
| 080 | _a32(460)"18" | ||
| 100 | 1 |
_aMartínez Mansilla, Antonio, _d1954- _9144808 |
|
| 245 | 1 | 0 |
_aLorenzo Arrazola o el estado liberalcatólico / _cAntonio Martínez Mansilla. |
| 260 |
_aGijón : _bAteneo Jovellanos, _c[2007] |
||
| 300 |
_a507 p. : _b1 retr. ; _c24 cm. |
||
| 504 | _aBibliografía: p. [497]-507. | ||
| 586 | 8 | _aPremio Ateneo Jovellanos de Investigación Histórica Española-Hispanoamericana, 2006 | |
| 600 | 1 | 4 |
_aArrazola, Lorenzo, _d1795-1873 _923230 |
| 651 | 7 |
_aEspaña- _xPolítica y gobierno- _yS.XIX _2 _9161744 |
|
| 655 | 0 |
_aBiografías _9176647 |
|
| 710 | 2 |
_aAteneo Jovellanos (Gijón) _92045 |
|
| 852 |
_aES-MaACL _9 183280 _bR.145415 _jA-11037 _dOlim: N-4042 _cDEPO1 _xDonación: Antonio Martínez Mansilla _zDedicatoria autógrafa del autor |
||
| 903 |
_aMartínez Mansilla, Antonio, _d1954- _ednr _9144808 |
||
| 942 |
_2udc _cMONOGRAFIA |
||
| 999 |
_c176513 _d176513 |
||